[Event "BCF-chT3a 0001 (4NCL)"]
[Site "Birmingham"]
[Date "2001.03.17"]
[Round "7.8"]
[White "Burrows, Daniel"]
[Black "Howard, Marieanne"]
[Result "0-1"]
[WhiteElo "1376"]
[BlackElo "1568"]
[PlyCount "138"]
[EventDate "2000.11.26"]
[EventType "team-tourn"]
[EventRounds "7"]
[EventCountry "ENG"]
[SourceTitle "EXT 2002"]
[Source "ChessBase"]
[SourceDate "2001.11.25"]
[SourceVersion "1"]
[SourceVersionDate "2001.11.25"]
[SourceQuality "1"]
[WhiteTeam "Wood Green III"]
[BlackTeam "Warwicks Select"]
[WhiteTeamCountry "ENG"]
[BlackTeamCountry "ENG"]

1. e4 e6 2. d4 d5 3. exd5 Qxd5 4. c4 Bb4+ 5. Nc3 Qe4+ 6. Be3 Nf6 7. Nf3 Qg4 8. Ne5 Bxc3+ 9. bxc3 Qxd1+ 10. Rxd1 Ne4 11. Rd3 f6 12. Nf3 b6 13. Nd2 Nd6 14. Bf4 0-0 15. Rg3 Nf5 16. Rh3 e5 17. dxe5 fxe5 18. Bxe5 Re8 19. f4 Nc6 20. Nf3 Re7 21. Bd3 Ne3 22. Bxh7+ Kh8 23. Bf5+ Kg8 24. Bxc8 Rxc8 25. Kf2 Ng4+ 26. Kg3 Ngxe5 27. Nxe5 Nxe5 28. fxe5 Rxe5 29. Rf1 Rf8 30. Rxf8+ Kxf8 31. Kf3 Kg8 32. Rh4 Ra5 33. Re4 Rxa2 34. Re7 c5 35. g4 a5 36. Rb7 Rb2 37. Ke4 a4 38. Ra7 Ra2 39. Kf5 Kh7 40. Kg5 a3 41. h4 Re2 42. Rxa3 Re4 43. Rb3 Re6 44. Rb2 Rg6+ 45. Kf5 Kh6 46. g5+ Kh5 47. Re2 Rd6 48. Re6 g6+ 49. Ke5 Rxe6+ 50. Kxe6 Kxh4 51. Kd6 Kxg5 52. Kc6 Kh4 53. Kxb6 g5 54. Kxc5 g4 55. Kd6 g3 56. c5 g2 57. c6 g1Q 58. c7 Qb6+ 59. Kd7 Qb7 60. Kd8 Qd5+ 61. Ke7 Qc6 62. Kd8 Qd6+ 63. Kc8 Qe6+ 64. Kb7 Qd7 65. Kb8 Qb5+ 66. Ka8 Qa5+ 67. Kb7 Qb5+ 68. Ka7 Qc6 69. Kb8 Qb6+ 0-1

[Event "BCF-chT2 9900 (4NCL)"]
[Site "Birmingham"]
[Date "2000.04.29"]
[Round "9.8"]
[White "Tidman, Sophie E"]
[Black "Howard, Marieanne"]
[Result "1-0"]
[WhiteElo "2072"]
[BlackElo "1536"]
[PlyCount "83"]
[EventDate "1999.10.??"]
[EventType "team"]
[EventRounds "11"]
[EventCountry "ENG"]
[SourceTitle "EXT 2001"]
[Source "ChessBase"]
[SourceDate "2000.11.22"]
[SourceVersion "1"]
[SourceVersionDate "2000.11.22"]
[SourceQuality "1"]
[WhiteTeam "Bristol II"]
[BlackTeam "BIG II"]
[WhiteTeamCountry "ENG"]
[BlackTeamCountry "ENG"]

1. e4 e6 2. Nf3 d5 3. e5 c5 4. b4 b6 5. d4 c4 6. c3 b5 7. Na3 a6 8. Be2 Nc6 9. 0-0 Bd7 10. Bf4 a5 11. Nxb5 axb4 12. cxb4 Nxb4 13. Nc3 Ne7 14. Qd2 Nf5 15. g4 Ne7 16. Rab1 Qa5 17. Rb2 g6 18. Bg5 h5 19. h3 hxg4 20. hxg4 Nec6 21. Kg2 Be7 22. a4 Bxg5 23. Nxg5 Rb8 24. Rfb1 Na6 25. Rb5 Qc7 26. Qf4 Rf8 27. Rxb8+ Ncxb8 28. Bd1 Qa5 29. Nb5 Bxb5 30. Rxb5 Qc7 31. Nh7 Rh8 32. Nf6+ Kf8 33. Bc2 Kg7 34. g5 c3 35. Ng4 Qe7 36. Nh6 Nc6 37. Rb3 Qa7 38. Qf6+ Kh7 39. Nxf7 Rg8 40. Nh6 Rg7 41. Rxc3 Nxd4 42. Rh3 1-0

[Event "BCF-chT2 9900 (4NCL)"]
[Site "Birmingham"]
[Date "1999.10.10"]
[Round "2.8"]
[White "Howard, Marieanne"]
[Black "Barnes, Lara"]
[Result "1-0"]
[WhiteElo "1536"]
[BlackElo "1640"]
[PlyCount "137"]
[EventDate "1999.10.??"]
[EventType "team"]
[EventRounds "11"]
[EventCountry "ENG"]
[SourceTitle "EXT 2001"]
[Source "ChessBase"]
[SourceDate "2000.11.22"]
[SourceVersion "1"]
[SourceVersionDate "2000.11.22"]
[SourceQuality "1"]
[WhiteTeam "BIG II"]
[BlackTeam "Thistle White Rose"]
[WhiteTeamCountry "ENG"]
[BlackTeamCountry "ENG"]

1. d4 Nf6 2. c4 g6 3. Nc3 d5 4. Bf4 Bg7 5. e3 c5 6. Bxb8 Rxb8 7. Qa4+ Bd7 8. Qxa7 cxd4 9. Qxd4 dxc4 10. Bxc4 Nh5 11. Qd2 Bc6 12. Qxd8+ Rxd8 13. f3 Bh6 14. Ke2 0-0 15. Nh3 Bg7 16. Rad1 Rc8 17. Rc1 Bxf3+ 18. Kxf3 Rxc4 19. Nd5 Rxc1 20. Nxe7+ Kh8 21. Rxc1 Bxb2 22. Rb1 Ba3 23. Rxb7 Nf6 24. Nc6 h6 25. Nf4 g5 26. Nd3 g4+ 27. Ke2 Nd5 28. Nde5 Kg7 29. Nxg4 Rc8 30. Nge5 Bd6 31. Nxf7 Kf6 32. Nxd6 Rxc6 33. Ne8+ Ke5 34. Kf3 Rc3 35. Rb3 Rc2 36. Rb5 Ke6 37. Ng7+ Kd6 38. a4 Kc6 39. Nf5 Rc3 40. Nd4+ Kd6 41. Rb3 Rc4 42. a5 Ra4 43. Nf5+ Kc7 44. Rb5 Kc6 45. Rb3 Rxa5 46. Nxh6 Ra1 47. g4 Rh1 48. Kg2 Re1 49. Nf5 Kd7 50. Rd3 Ke6 51. Nd4+ Kf6 52. Nf3 Re2+ 53. Kf1 Rxe3 54. Rxd5 Rxf3+ 55. Kg2 Rc3 56. Rf5+ Kg6 57. h4 Rc2+ 58. Kg3 Rc3+ 59. Rf3 Rc4 60. h5+ Kg5 61. Rf5+ Kh6 62. Rf6+ Kg7 63. g5 Rc1 64. h6+ Kg8 65. g6 Rh1 66. g7 Rg1+ 67. Kf4 Kh7 68. Rf8 Rf1+ 69. Ke3 1-0